| 000 | 04234nam a2200457 a 4500 | ||
|---|---|---|---|
| 001 | 000045724 | ||
| 005 | 20201002052416.0 | ||
| 008 | 150130s2013 dr abc 000 0 spa d | ||
| 020 | _a9789945495135 (v. 1) | ||
| 020 | _a9789945495143 (v. 2) | ||
| 020 | _a9789945495151 (v. 3) | ||
| 020 | _a978994549516X (v. 4) | ||
| 020 | _a9789945495178 (v. 5) | ||
| 020 | _a9789945495186 (v. 6) | ||
| 020 | _a9789945495194 (v. 7) | ||
| 020 | _a9789945495208 (v. 8) | ||
| 040 |
_aDO-SdBNP _bspa _cBNPHU |
||
| 082 |
_axxxx _bxxxx |
||
| 100 | 1 |
_aHernández Grullón, Alejandro _944157 |
|
| 245 | 1 | 0 |
_aCiencias : _beducacion básica / _cAlejandro Hernández Grullón...[et al.] ; ilustraciones Ramón L. Sandoval. |
| 260 |
_aSanto Domingo : _bActualidad Escolar 2000, _c2013. |
||
| 300 |
_a8 v. : _bil., map. retrs. ; _c28 cm. |
||
| 500 | _aDel volumen 1 al 4 es edición revisada y actualizada al 2013 | ||
| 500 | _aDel volumen 5 al 8 es edición revisada y actualizada al 2014 | ||
| 500 | _aCada v. posee el "Libro del maestro" | ||
| 505 | 1 |
_av.1 : _gunidad 1 -- _tYo tengo una familia -- _gunidad 2 -- _tMi escuela -- _gunidad 3 -- _tMi comunidad -- _gunidad 4 -- _tMi país -- _tBibliografía / _rHernández Grullón, Alejandro -- _rHernández, Juan Ricardo -- |
|
| 505 | 1 |
_av. 2 : _gunidad 1 -- _tYo tengo una familia -- _gunidad 2 -- _tVivo en una comunidad -- _gunidad 3 -- _t¿Cómo se organiza mi comunidad? -- _gunidad 4 -- _tComunicación y transporte en la comunidad -- _gunidad 5 -- _tMi país, República Dominicana -- _tBibliografía / _tBibliografía / _rHernández Grullón, Alejandro -- _rHernández, Juan Ricardo -- |
|
| 505 | 1 |
_av. 3 : _gunidad 1 -- _tFamilia y comunidad -- _gunidad 2 -- _tConozco donde vivo -- _gunidad 3 -- _tCultura y autirdades en nuestros municipios -- _gunidad 4 -- _tRepública Dominicana, primeros pobladores -- _tBibliografía / _rHernández Grullón, Alejandro -- _rHernández, Juan Ricardo -- |
|
| 505 | 1 |
_av. 4 : _gunidad 1 -- _tProvincias y regiones dominicanas -- _gunidad 2 -- _tRelieve, hidrografía y clima de las regiones de la República Dominicana -- _gunidd 3 -- _tNuestros primeros pobladores y la llegada de los españoles -- _gunidad 4 -- _tEsclavitud nativa y resistencia -- _gunidad 5 -- _tAsí se formó el pueblo dominicano / _rHernández Grullón, Alejandro -- _rHernández, Juan Ricardo -- |
|
| 505 | 1 |
_av. 5 : _gunidad 1 -- _tLa isla de Santo Domingo y la región del Caribe -- _gunidad 2 -- _tLos continentes: América, Europa, África, Asia, Oceanía y Antártida -- _gunidad 3 -- _tLas civilizaciones antiguas -- _gunidad 4 -- _tÁfrica y América conquistadas por Europa -- _gunidad 5 -- _tLas civilizaciones del continente americano y pobladores de las Antillas -- _gunidad 6 -- _tAzúcar y esclavitud en la región caribeña / _rHernández Grullón, Alejandro -- _rHernández, Juan Ricardo -- |
|
| 505 | 1 |
_av. 6 : _gunidad 1-- _tColonización de América, África y Asia-- _gunidad 2 -- _tColonización de la Hispaniola -- _gunidad 3 -- _tLas revoluciones burguesas -- _gunidad 4 -- _tEl movimiento antiesclavista en América -- _gunidad 5 -- _tLa independencia de las colonias americanas / _rHernández Grullón, Alejandro -- _rHernández, Juan Ricardo -- |
|
| 505 | 1 |
_av. 7 : _gunidad 1 -- _tMovimiento poblacional y dominio del espacio en la República Dominicana -- _gunidad 2 -- _tOcupación haitiana (1822-1844) y proceso de la independencia de la República Dominicana -- _gunidad 3 -- _tPresencia de las potencias europeas y los Estados Unidos en las luchas internas post-independentistas / _rHernández Grullón, Alejandro -- _rHernández, Juan Ricardo -- |
|
| 505 | 1 |
_av. 8 : _gunidad 1 -- _tLuchas por el control del espacio entre las potencias mundiales -- _gunidad 2 -- _tDictaduras y derechos humanos en República Dominicana y América Latina -- _gunidad 3 -- _tSistema electoral y cobertura democrática en la República Dominicana / _rHernández Grullón, Alejandro -- _rHernández, Juan Ricardo -- |
|
| 700 | 1 |
_aCid, Henry _eil. _9346 |
|
| 700 | 1 |
_aPérez, Danilda _eact. _973778 |
|
| 700 | 1 |
_aPhipps Green, George _eil. _973779 |
|
| 700 | 1 |
_aHernández, Juan Ricardo _973780 |
|
| 700 | 1 |
_aGrullón, Ramona _eact. _973781 |
|
| 700 | 1 |
_aSandoval, Ramón L. _eil. _929585 |
|
| 700 | 1 |
_aGuzmán Nieves, Ramón _eil. _973782 |
|
| 999 |
_c45213 _d45213 |
||